[Event "Frome Open 2017"]
[Site "Frome ENG"]
[Date "2017.05.14"]
[Round "4.12"]
[Board "12"]
[White "Clancy, Martin J"]
[Black "Crockart, George N"]
[Result "1-0"]
[WhiteElo "1886"]
[BlackElo "2001"]

 1. e4 e6 2. d3 d5 3. Nd2 Nc6 4. g3 Nf6 5. Bg2 dxe4 6. Nxe4 Nxe4 7. Bxe4 Bd7 8. d4 f5
 9. Bg2 Qf6 10. Nf3 Bd6 11. Bg5 Qf7 12. Qd2 h6 13. Bf4 O-O-O 14. Bxd6 cxd6 15. b4 e5 16. d5 Ne7
 17. Rd1 g5 18. c4 g4 19. Nxe5 dxe5 20. Qe3 Kb8 21. O-O e4 22. a4 h5 23. b5 h4 24. d6 hxg3
 25. dxe7 gxh2+ 26. Kh1 Qxe7 27. Qf4+ Kc8 28. Qe3 b6 29. c5 bxc5 30. Rc1 Kb7 31. Rxc5 Rc8 32. Rd5 Be6
 33. Re5 Rc4 34. a5 Qd6 35. Qf4 Rf8 36. a6+ Kb8 37. Rb1 Rc5 38. Rxe4 Qxf4 39. Rxf4 Kc7 40. Kxh2 Rb8
 41. Rfb4 Bd7 42. b6+ Rxb6 43. Rxb6 axb6 44. a7 Ra5 45. a8=Q Rxa8 46. Bxa8 f4 47. Rb4 g3+ 48. fxg3 fxg3+
 49. Kxg3 b5 50. Kf4 Kb6 51. Rd4 Bh3 52. Ke5 Kc5 53. Bd5 Bf1 54. Bb3 Bg2 55. Rg4 Bf3 56. Rg3 Bh1
 57. Rc3+ Kb4 58. Kd4 Be4 59. Bd1 Bd5 60. Rc1 Ba2 61. Rc5 Bc4 62. Re5 Bf7 63. Be2 Kb3 64. Rxb5+ Kc2
 65. Bd3+ Kc1 66. Kc3 Ba2 1-0

[Event "Frome Open 2017"]
[Site "Frome ENG"]
[Date "2017.05.14"]
[Round "4.13"]
[Board "13"]
[White "Bourne, Johnathan D"]
[Black "Bridges, Paul"]
[Result "1/2-1/2"]
[WhiteElo "1955"]
[BlackElo "1791"]

 1. e4 c5 2. Nc3 e6 3. Nge2 Nc6 4. d4 cxd4 5. Nxd4 a6 6. Nxc6 bxc6 7. e5 d5 8. exd6 Qxd6
 9. Qxd6 Bxd6 10. Ne4 Be7 11. Bf4 Bb7 12. O-O-O Nf6 13. Nxf6+ Bxf6 14. Bd6 Be7 15. Bc4 Bxd6 16. Rxd6 Ke7
 17. Rhd1 Rhd8 18. Rxd8 1/2-1/2

[Event "Frome Open 2017"]
[Site "Frome ENG"]
[Date "2017.05.14"]
[Round "4.14"]
[Board "14"]
[White "Paulden, Tim"]
[Black "Hollands, George E"]
[Result "1/2-1/2"]
[WhiteElo "1910"]
[BlackElo "1754"]

 1. b3 d5 2. Bb2 c5 3. e3 Nf6 4. f4 Nc6 5. Nf3 Bg4 6. h3 Bxf3 7. Qxf3 e6 8. Bb5 Rc8
 9. O-O Be7 10. d3 Qb6 11. c4 dxc4 12. dxc4 O-O 13. Bxc6 Qxc6 14. Nc3 Qxf3 15. gxf3 Rfd8 16. Rfd1 Rxd1+
 17. Rxd1 Rd8 18. Rxd8+ Bxd8 19. Kf2 a6 20. Na4 Nd7 21. Ke2 1/2-1/2

[Event "Frome Open 2017"]
[Site "Frome ENG"]
[Date "2017.05.14"]
[Round "5.1"]
[Board "1"]
[White "Pleasants, Allan J"]
[Black "Holt, Philip J"]
[Result "1/2-1/2"]
[WhiteElo "2066"]
[BlackElo "2228"]

 1. e4 d6 2. Nf3 e5 3. d4 exd4 4. Nxd4 Nf6 5. Nc3 Be7 6. Be2 O-O 7. O-O Re8 8. Re1 a6
 9. a4 c5 10. Nf3 Nc6 11. h3 h6 12. Bc4 Be6 13. Bxe6 fxe6 14. Qe2 Bf8 15. e5 dxe5 16. Nxe5 Nd4
 17. Qd3 Nf5 18. Qc4 Qd4 19. Bf4 Bd6 20. Qxd4 Nxd4 21. Rac1 Nd5 22. Nxd5 exd5 23. c3 Bxe5 24. Bxe5 Nb3
 25. Rcd1 Rad8 26. f4 c4 27. Bc7 Rxe1+ 28. Rxe1 Rd7 29. Bb6 Kf7 30. Rd1 Ke6 31. Kf2 Kd6 32. g4 Re7
 33. f5 Re4 34. Kf3 a5 35. Be3 Nc5 36. Bd4 Nxa4 37. Bxg7 Nxb2 38. Rb1 Nd3 39. Rxb7 h5 40. gxh5 Rh4
 41. h6 Rxh3+ 42. Kg4 Nf2+ 43. Kg5 Kc6 44. Ra7 Ne4+ 45. Kg4 Nf2+ 46. Kf4 Ne4 47. Kg4 Nf2+ 48. Kf4 1/2-1/2

[Event "Frome Open 2017"]
[Site "Frome ENG"]
[Date "2017.05.14"]
[Round "5.2"]
[Board "2"]
[White "Crockart, Scott A"]
[Black "Kramaley, David"]
[Result "1-0"]
[WhiteElo "2129"]
[BlackElo "1817"]

1. d4 d5 2. c4 c6 3. Nf3 Nf6 4. e3 Bg4 5. h3 Bf5 6. Nc3 e6 7. Nh4 Be4 8. Nf3 Nbd7
 9. Nxe4 Nxe4 10. Bd3 f5 11. O-O Bd6 12. b3 O-O 13. a4 Bc7 14. Ba3 Rf6 15. b4 Rh6 16. b5 Qe8
 17. bxc6 bxc6 18. cxd5 exd5 19. Rc1 a6 20. Rc2 Qg6 21. Kh1 Rh5 22. Nh2 Rg5 23. Qf3 Rd8 24. Be7 Re8
 25. Bxg5 Nxg5 26. Qxf5 1-0

[Event "Frome Open 2017"]
[Site "Frome ENG"]
[Date "2017.05.14"]
[Round "5.4"]
[Board "4"]
[White "Stoyanov, Viktor"]
[Black "Waddington, Mike P"]
[Result "1/2-1/2"]
[WhiteElo "1834"]
[BlackElo "2085"]

1. d4 f5 2. Bg5 Nf6 3. Bxf6 exf6 4. e3 d5 5. Bd3 Be6 6. c3 Nc6 7. Nf3 Qd7 8. Nbd2 Bd6
 9. Qc2 g6 10. a3 Ne7 11. c4 c6 12. c5 Bc7 13. b4 O-O 14. O-O f4 15. Rfe1 Rae8 16. Nf1 Bf5
 17. exf4 Bxd3 18. Qxd3 Bxf4 19. Ng3 Bxg3 1/2-1/2

[Event "Frome Open 2017"]
[Site "Frome ENG"]
[Date "2017.05.14"]
[Round "5.5"]
[Board "5"]
[White "Gregory, Andrew M"]
[Black "Varney, Zoe"]
[Result "1-0"]
[WhiteElo "1940"]
[BlackElo "1976"]

1. Nf3 d5 2. b3 Nf6 3. Bb2 c6 4. e3 Bf5 5. Be2 e6 6. O-O Bd6 7. d4 Nbd7 8. Nbd2 Qc7
 9. c4 b6 10. Rc1 O-O 11. cxd5 exd5 12. Bb5 c5 13. dxc5 bxc5 14. h3 Qb6 15. Bxd7 Nxd7 16. Re1 Rfe8
 17. g4 Be6 18. Ng5 h6 19. Nxe6 Rxe6 20. Nf3 Qb7 21. Nh4 Rc8 22. f4 Rce8 23. Qd2 g5 24. Nf5 gxf4
 25. Nxd6 Rxd6 26. exf4 Rde6 27. Rxe6 Rxe6 28. f5 Rd6 29. Qf4 Rc6 30. Re1 d4 31. g5 Qc7 32. Re8+ Kh7
 33. Qh4 Ne5 34. Qe4 f6 35. gxf6 Nf7 36. Qg2 Ng5 37. Re7+ 1-0

[Event "Frome Open 2017"]
[Site "Frome ENG"]
[Date "2017.05.14"]
[Round "5.6"]
[Board "6"]
[White "French, Max"]
[Black "Bogdan, Horia D"]
[Result "1/2-1/2"]
[WhiteElo "1922"]
[BlackElo "1918"]

1. d4 d5 2. c4 c6 3. cxd5 cxd5 4. Nc3 Nf6 5. Bf4 Nc6 6. e3 a6 7. Bd3 Bg4 8. Nge2 e6
 9. f3 Bh5 10. g4 Bg6 11. h4 Bxd3 12. Qxd3 Bd6 13. Kf2 O-O 14. Rag1 b5 15. h5 Ne8 16. g5 g6
 17. Bxd6 Nxd6 18. Nf4 Nb4 19. Qb1 Nf5 20. hxg6 fxg6 21. a3 Nc6 22. Qc1 Qd6 23. Rh3 Nfxd4 24. Rgh1 Ra7
 25. R1h2 Rxf4 26. exf4 Rf7 27. Ne2 Nxe2 28. Kxe2 Nd4+ 29. Kd3 Rxf4 30. Qc8+ Rf8 31. Rxh7 Qxh2 32. Qxf8+ Kxh7 1/2-1/2

[Event "Frome Open 2017"]
[Site "Frome ENG"]
[Date "2017.05.14"]
[Round "5.7"]
[Board "7"]
[White "Girdlestone, Paul C"]
[Black "Clancy, Martin J"]
[Result "1/2-1/2"]
[WhiteElo "2100"]
[BlackElo "1886"]

1. e4 c5 2. Nf3 e6 3. Nc3 Nc6 4. Bb5 Nd4 5. O-O a6 6. Bd3 Ne7 7. Nxd4 cxd4 8. Ne2 Nc6
 9. c3 Bc5 10. b4 Ba7 11. cxd4 Nxd4 12. Bb2 Nxe2+ 13. Qxe2 Qg5 14. a4 O-O 15. Kh1 e5 16. g3 d6
 17. f4 Qe7 18. Qh5 g6 19. Qf3 1/2-1/2

[Event "Frome Open 2017"]
[Site "Frome ENG"]
[Date "2017.05.14"]
[Round "5.8"]
[Board "8"]
[White "Anderson, Peter W"]
[Black "Krzyzanowski, Patryk"]
[Result "1/2-1/2"]
[WhiteElo "2050"]
[BlackElo "2078"]

1. d4 d5 2. c4 c6 3. Nf3 e6 4. Nc3 dxc4 5. e4 b5 6. a4 Bb4 7. Bd2 Nf6 8. axb5 Bxc3
 9. bxc3 cxb5 10. Qb1 a6 11. e5 Nd5 12. Ng5 Nxc3 13. Qc2 h6 14. Nxf7 Kxf7 15. Bxc3 Bb7 16. Be2 Qg5
 17. f3 Rd8 18. O-O Nc6 19. d5 Qe3+ 20. Kh1 Rxd5 21. f4 Nd4 22. Bh5+ Kg8 23. Qg6 Kh8 24. Bxd4 Rxd4
 25. f5 Rd2 26. Bf3 Bxf3 27. Rxf3 Qe2 28. Raf1 Rd1 29. Kg1 Rxf1+ 30. Rxf1 Qe3+ 31. Kh1 exf5 32. e6 c3
 33. Qf7 c2 34. e7 c1=Q 35. Qf8+ Kh7 36. Qxf5+ 1/2-1/2

[Event "Frome Open 2017"]
[Site "Frome ENG"]
[Date "2017.05.14"]
[Round "5.10"]
[Board "10"]
[White "Jackson, Paul G"]
[Black "Menadue, Jeremy FS"]
[Result "1/2-1/2"]
[WhiteElo "1748"]
[BlackElo "2082"]

1. d4 d5 2. c4 c6 3. cxd5 cxd5 4. Nc3 Nf6 5. Bg5 Ne4 6. Nxe4 dxe4 7. a3 Qb6 8. Qd2 Bf5
 9. e3 Nc6 10. Bc4 h6 11. Bh4 Rd8 12. Bg3 g5 13. Ne2 Bg7 14. Rc1 e5 15. d5 Na5 16. Ba2 Nb3
 17. Bxb3 Qxb3 18. Nc3 Bg6 19. h4 O-O 20. hxg5 hxg5 21. Qc2 Qxc2 22. Rxc2 f5 23. O-O Rf7 24. Rd2 Rfd7
 25. Rfd1 Bh5 26. Rc1 a6 27. Kf1 Kf7 28. Ke1 Ke7 29. a4 Bg4 30. Bh2 Rc8 31. Rdc2 Rdc7 32. Kd2 Kd6
 33. b4 Bh5 34. b5 Bf7 35. g4 Bg6 1/2-1/2

[Event "Frome Open 2017"]
[Site "Frome ENG"]
[Date "2017.05.14"]
[Round "5.11"]
[Board "11"]
[White "Ward, Julian D"]
[Black "Paulden, Tim"]
[Result "1/2-1/2"]
[WhiteElo "1990"]
[BlackElo "1910"]

1. d4 g6 2. c4 Bg7 3. Nc3 d6 4. e4 e5 5. dxe5 dxe5 6. Qxd8+ Kxd8 7. Be3 Be6 8. O-O-O+ Kc8
 9. Nf3 f6 10. Be2 Bh6 11. Bxh6 Nxh6 12. h3 Re8 13. Rd2 c6 14. Rhd1 Kc7 15. Ne1 Na6 16. b3 Rad8
 17. Rxd8 Rxd8 18. Rxd8 Kxd8 19. Na4 Nf7 1/2-1/2

[Event "Frome Open 2017"]
[Site "Frome ENG"]
[Date "2017.05.14"]
[Round "5.12"]
[Board "12"]
[White "Turner, Joseph D"]
[Black "Bridges, Paul"]
[Result "1/2-1/2"]
[WhiteElo "1958"]
[BlackElo "1791"]

1. e4 c5 2. Nf3 e6 3. d4 cxd4 4. Nxd4 Nc6 5. Nc3 a6 6. g3 Nf6 7. Bg2 Qc7 8. O-O Be7
 9. Re1 d6 10. Nxc6 bxc6 11. e5 dxe5 12. Rxe5 O-O 13. Bf4 Bd6 14. Rxe6 Bxf4 15. Rxc6 Qa7 16. Rxf6 Be5
 17. Qd5 Bxf6 18. Qxa8 Qxa8 19. Bxa8 Be6 20. Bd5 Bxc3 21. Bxe6 Bxb2 22. Rb1 Bd4 23. Bc4 a5 24. Rb5 Bc3
 25. Rc5 Bb4 26. Rc7 Bd6 27. Rd7 Bb4 28. Bd5 g6 29. c4 Kg7 30. f4 Kf6 31. Kg2 h6 32. Kf3 Ba3
 33. h4 h5 34. Rc7 Bd6 35. Ra7 Bb4 36. a3 Bxa3 37. Rxa5 Bb4 38. Rb5 Ba3 39. c5 Re8 40. Rb6+ Kg7
 41. Rb7 Bxc5 42. Rxf7+ Kh6 43. Be4 Rf8 44. Rc7 Bd4 45. Rd7 Bc3 46. Rd3 Rf6 1/2-1/2

[Event "Frome Open 2017"]
[Site "Frome ENG"]
[Date "2017.05.14"]
[Round "5.14"]
[Board "14"]
[White "Rowland, Olatunji"]
[Black "Crockart, George N"]
[Result "0-1"]
[WhiteElo "1690"]
[BlackElo "2001"]

 1. Nf3 b6 2. g3 Bb7 3. Bg2 g6 4. d3 Bg7 5. e4 d6 6. Nbd2 Nd7 7. O-O e5 8. Nc4 Ne7
 9. c3 O-O 10. Bd2 Nc5 11. Qc2 f5 12. b4 fxe4 13. bxc5 exf3 14. Bh3 Bc8 15. Bxc8 Qxc8 16. Qb3 Qh3
 17. Ne3+ Kh8 18. Kh1 bxc5 19. Rg1 Bh6 20. Nf1 Nf5 21. Bxh6 Nxh6 22. Ne3 Nf5 23. Nf1 Rab8 24. Qd1 Nh6
 25. Ne3 Rb2 26. Qf1 Qe6 27. c4 Rfb8 28. g4 Kg7 29. Rg3 Qf7 30. g5 Ng8 31. Ng4 Qf5 32. Rd1 h5
 33. gxh6+ Nxh6 34. Nxh6 Kxh6 35. Qh3+ Qxh3 36. Rxh3+ Kg7 37. Rxf3 Rb1 38. Rxb1 Rxb1+ 39. Kg2 Ra1 40. a4 Rxa4
 41. Kf1 Rb4 42. Ke2 a5 43. Ke3 a4 44. Ke4 a3 45. Re3 a2 1/2-1/2

[Event "Frome Open 2017"]
[Site "Frome ENG"]
[Date "2017.05.14"]
[Round "5.15"]
[Board "15"]
[White "Hollands, George E"]
[Black "Adaway, William"]
[Result "1/2-1/2"]
[WhiteElo "1754"]
[BlackElo "1897"]

 1. d4 d5 2. c4 e6 3. Nf3 Nf6 4. g3 Bb4+ 5. Bd2 Be7 6. Bg2 O-O 7. O-O c6 8. Qc2 Nbd7
 9. cxd5 exd5 10. Nc3 Re8 11. Rfe1 Bd6 12. Nh4 Nf8 13. e4 dxe4 14. Nxe4 Nxe4 15. Rxe4 Rxe4 16. Qxe4 Be6
 17. Bc3 Qd7 18. Qc2 Ng6 19. Nxg6 hxg6 20. Re1 Be7 21. Qe4 Bf6 22. a3 Bd5 23. Qd3 Bxg2 24. Kxg2 Rd8
 25. Rd1 Qd5+ 26. Qf3 c5 27. Qxd5 Rxd5 28. Kf3 1/2-1/2